00489nam a2200121 a 450000500170000000800410001705000230005810000170008124501180009844000300021699900190024695201020026520140414131939.0110125s19uu xx 00 eng d aTR 428.1bOn4 2004 aOnish, Liane aBeginning and Ending sounds Grades K-2 :b15 Fun & Easy reproducible games that build fundamental reading skills. aReading skills card games c112537d112537 001040aMUbMUcTRd2011-01-25l0oTR 428.1 On4 2004pM3872r2014-04-14 00:00:00w2014-04-14yBK